| 000 | 00460 a2200169 4500 | ||
|---|---|---|---|
| 005 | 20260427165232.0 | ||
| 008 | 260427b |||||||| |||| 00| 0 eng d | ||
| 020 | _a9789392018664 | ||
| 040 | _cSDCL | ||
| 041 |
_2eng _aeng |
||
| 084 | _aO-,6NKF:g(Q7) R2 LR | ||
| 100 |
_aKhan, Farid _91116046 |
||
| 245 |
_aStranger In My Own Land : _bA Muslim In India After 2014 |
||
| 260 |
_aNew Delhi : _bLeftWord Books, _c2025. |
||
| 300 | _a158p. | ||
| 942 |
_cGB _2CC |
||
| 999 |
_c1848312 _d1848312 |
||